Movies Quiz

Random Movies or Actress Quiz

3 Films, 1 Actor, 1 Year III Quiz Stats

Quiz Updated Nov 22, 2017

Challenge
Share
Tweet
Embed
Score 0/30 Timer 06:00
5 Plays Today
% Correct
Jim Carrey
94.7%
Eddie Murphy
90.6%
Sandra Bullock
89.1%
Keira Knightley
87.1%
George Clooney
86.5%
Helena Bonham Carter
86%
Bruce Willis
85.1%
Will Ferrell
83.4%
Brad Pitt
83%
Steve Martin
82.8%
Channing Tatum
79.4%
Daniel Craig
78.1%
Josh Hartnett
76.9%
Sigourney Weaver
76.7%
Sean Connery
76.5%
% Correct
Kirsten Dunst
74.9%
Antonio Banderas
74.1%
Woody Harrelson
73.9%
Dustin Hoffman
72.7%
Reese Witherspoon
72%
Viola Davis
70.2%
Jonah Hill
70.1%
Kate Winslet
67%
Rachel McAdams
63%
Susan Sarandon
61.9%
Elijah Wood
55.6%
Marcello Mastroianni
55.1%
Jon Voight
54.8%
John Goodman
53.5%
Harrison Ford
50.9%

You're not logged in!

Compare scores with friends on all Sporcle quizzes.
Sign Up with Email
OR
Log In

You Might Also Like...

Show Comments

Extras

Top Quizzes Today


Score Distribution

Your Account Isn't Verified!

In order to create a playlist on Sporcle, you need to verify the email address you used during registration. Go to your Sporcle Settings to finish the process.